<?xml version="1.0" encoding="UTF-8"?>
<record
    xmlns:xsi="http://www.w3.org/2001/XMLSchema-instance"
    xsi:schemaLocation="http://www.loc.gov/MARC21/slim http://www.loc.gov/standards/marcxml/schema/MARC21slim.xsd"
    xmlns="http://www.loc.gov/MARC21/slim">

  <leader>00797nam2a2200229   4500</leader>
  <controlfield tag="001">RU\NLR\BIBL_A\022118658</controlfield>
  <controlfield tag="005">20250625125748.0</controlfield>
  <datafield tag="010" ind1=" " ind2=" ">
    <subfield code="a">978-5-907779-02-0</subfield>
  </datafield>
  <datafield tag="035" ind1=" " ind2=" ">
    <subfield code="a">(RuMoRGB)012450168</subfield>
  </datafield>
  <datafield tag="035" ind1=" " ind2=" ">
    <subfield code="a">(NLR Aleph) 022118658</subfield>
  </datafield>
  <datafield tag="090" ind1=" " ind2=" ">
    <subfield code="a">12800367</subfield>
    <subfield code="c">12800367</subfield>
  </datafield>
  <datafield tag="100" ind1=" " ind2=" ">
    <subfield code="a">20240129d2023    |||y0rusy50      ca</subfield>
  </datafield>
  <datafield tag="101" ind1="0" ind2=" ">
    <subfield code="a">rus</subfield>
  </datafield>
  <datafield tag="102" ind1=" " ind2=" ">
    <subfield code="a">RU</subfield>
  </datafield>
  <datafield tag="105" ind1=" " ind2=" ">
    <subfield code="a">y   z   000 y</subfield>
  </datafield>
  <datafield tag="200" ind1="1" ind2=" ">
    <subfield code="a">&#x412;&#x44B;&#x43F;.22</subfield>
  </datafield>
  <datafield tag="210" ind1=" " ind2=" ">
    <subfield code="d">2023</subfield>
    <subfield code="a">&#x411;. &#x43C;.</subfield>
  </datafield>
  <datafield tag="461" ind1=" " ind2="0">
    <subfield code="1">001RU\NLR\BIBL_A\011690241</subfield>
    <subfield code="1">2001#$aVITA$v&#x412;&#x44B;&#x43F;. 22</subfield>
    <subfield code="9">11333783</subfield>
    <subfield code="c">&#x41C;&#x43E;&#x441;&#x43A;&#x432;&#x430;</subfield>
    <subfield code="d">2017</subfield>
    <subfield code="f">&#x440;&#x435;&#x434;&#x430;&#x43A;&#x442;&#x43E;&#x440;-&#x441;&#x43E;&#x441;&#x442;&#x430;&#x432;&#x438;&#x442;&#x435;&#x43B;&#x44C;: &#x424;&#x430;&#x438;&#x43D;&#x430; &#x417;&#x438;&#x43C;&#x435;&#x43D;&#x43A;&#x43E;&#x432;&#x430;]</subfield>
    <subfield code="n">&#x41F;&#x43E;&#x440;&#x442; &#x43F;&#x440;&#x438;&#x43F;&#x438;&#x441;&#x43A;&#x438;</subfield>
    <subfield code="o">&#x43B;&#x438;&#x442;&#x435;&#x440;&#x430;&#x442;&#x443;&#x440;&#x43D;&#x44B;&#x439; &#x430;&#x43B;&#x44C;&#x43C;&#x430;&#x43D;&#x430;&#x445; : [&#x441;&#x442;&#x438;&#x445;&#x438; &#x438; &#x43F;&#x440;&#x43E;&#x437;&#x430;</subfield>
    <subfield code="t">VITA</subfield>
    <subfield code="v">&#x412;&#x44B;&#x43F;. 22</subfield>
  </datafield>
  <datafield tag="852" ind1=" " ind2=" ">
    <subfield code="a">NLR</subfield>
    <subfield code="j">2018-5/2775</subfield>
  </datafield>
  <datafield tag="942" ind1=" " ind2=" ">
    <subfield code="c">BOOK</subfield>
  </datafield>
  <datafield tag="980" ind1=" " ind2=" ">
    <subfield code="a">NB</subfield>
  </datafield>
</record>
